Normal view
MARC view
- London.
Entry Corporate Name
001 - CONTROL NUMBER
- control field: 15004
003 - CONTROL NUMBER IDENTIFIER
- control field: OSt
005 - DATE AND TIME OF LATEST TRANSACTION
- control field: 20260202155200.0
008 - FIXED-LENGTH DATA ELEMENTS
- fixed length control field: 260202|| aca||aabn | a|a d
040 ## - CATALOGING SOURCE
- Original cataloging agency: OSt
- Transcribing agency: OSt
110 ## - HEADING--CORPORATE NAME
- Corporate name or jurisdiction name as entry element: London.
- Subordinate unit: University.
- Subordinate unit: Imperial College of Science and Technology.
- Subordinate unit: Applied Optics Section
670 ## - SOURCE DATA FOUND
- Source citation: Work cat.: (OSt)5945: The Perception and application of flashing lights:, c1971.